000 01134nam a22002657i 4500
999 _c23125
_d23125
003 AR-CdUCM
008 241115b20222022 pe||||| |||| 00| 0 spa d
020 _a978-612-00-7958-4
040 _aMUNICIPALIDAD PROVINCIAL DEL CUSCO
_cBIBLIOTECA MUNICIPAL DEL CUSCO
041 _hspa
082 _a398.2098561 / H82
_bH82
100 _aHuayta Salhua, Florencio
_948994
245 _aCuentos y leyendas inéditas /
260 _aCusco :
_c2022
300 _a262 páginas. :
_c21 cm
505 _aLos ancianos y el alqamari -- Un abigeo tonto -- Fracaso del principiante -- un gato maldito -- Premonición y los gatos -- El mañoso come gallinas -- Los mañosos en la qhaswa -- Fracaso de los hambrientos -- Leyenda en el camino a Yanaoca -- La fuerza del gran carnaval -- A la salida del pueblito -- La flor de Laramani -- Lamento de doña María -- El resentimiento de los apus -- El bellaco
650 _aCuentos
_950808
650 _aLeyenda
_910544
650 _aCanas
_918100
650 _aApus
_910425
650 _aGeografía
_9318
650 _aTradición
_950809
942 _2ddc
_cLIBROS
945 _apbj
_d15-11-2024